000 00342nam a2200157Ia 4500
003 Ost
005 20260225132537.0
008 260225s9999||||xx |||||||||||||| ||und||
040 _cfsic
041 _afre
082 _a841
100 _aJaques jaffelin
_eAuteur
245 0 _aLe promeneur /
245 0 _cJaques jaffelin
942 _cكتاب
999 _c33278
_d33278